<?xml version="1.0" encoding="UTF-8"?>
<record
    xmlns:xsi="http://www.w3.org/2001/XMLSchema-instance"
    xsi:schemaLocation="http://www.loc.gov/MARC21/slim http://www.loc.gov/standards/marcxml/schema/MARC21slim.xsd"
    xmlns="http://www.loc.gov/MARC21/slim">

  <leader>01343nam a22002417a 4500</leader>
  <controlfield tag="005">20120112143825.0</controlfield>
  <controlfield tag="008">120112t        xxu||||| |||| 00| 0 mar d</controlfield>
  <datafield tag="010" ind1=" " ind2=" ">
    <subfield code="a">MAR-21915</subfield>
  </datafield>
  <datafield tag="020" ind1=" " ind2=" ">
    <subfield code="c">90.00</subfield>
  </datafield>
  <datafield tag="035" ind1=" " ind2=" ">
    <subfield code="a">MR-14573</subfield>
  </datafield>
  <datafield tag="037" ind1=" " ind2=" ">
    <subfield code="b">DBAD/PUB</subfield>
  </datafield>
  <datafield tag="040" ind1=" " ind2=" ">
    <subfield code="a">DPL</subfield>
    <subfield code="b">MR</subfield>
  </datafield>
  <datafield tag="082" ind1=" " ind2=" ">
    <subfield code="a">133.5869</subfield>
  </datafield>
  <datafield tag="100" ind1=" " ind2=" ">
    <subfield code="9">39079</subfield>
    <subfield code="a">&#x92A;&#x94D;&#x930;&#x927;&#x93E;&#x928;,&#x928;&#x93F;&#x932;&#x93F;&#x915;&#x93E;&#x936;</subfield>
  </datafield>
  <datafield tag="245" ind1=" " ind2=" ">
    <subfield code="a">&#x935;&#x93E;&#x938;&#x94D;&#x924;&#x941;&#x936;&#x93E;&#x938;&#x94D;&#x924;&#x94D;&#x930; &#x935; &#x907;&#x902;&#x91F;&#x93F;&#x930;&#x93F;&#x905;&#x930; /</subfield>
    <subfield code="c">&#x928;&#x93F;&#x932;&#x93F;&#x915;&#x93E;&#x936; &#x92A;&#x94D;&#x930;&#x927;&#x93E;&#x928; &#x924;&#x925;&#x93E; &#x92A;&#x94D;&#x930;&#x915;&#x93E;&#x936; &#x92A;&#x94D;&#x930;&#x927;&#x93E;&#x928;</subfield>
  </datafield>
  <datafield tag="246" ind1=" " ind2=" ">
    <subfield code="a">Vastushastra Va Intereior</subfield>
    <subfield code="b">by Nilikash Pradhan and Prakash Pradhan</subfield>
  </datafield>
  <datafield tag="260" ind1=" " ind2=" ">
    <subfield code="a">&#x92E;&#x941;&#x902;&#x92C;&#x908;</subfield>
    <subfield code="b">&#x928;&#x935;&#x91A;&#x948;&#x924;&#x928;&#x94D;&#x92F; &#x92A;&#x94D;&#x930;&#x915;&#x93E;&#x936;&#x928;</subfield>
    <subfield code="c">2009</subfield>
  </datafield>
  <datafield tag="270" ind1=" " ind2=" ">
    <subfield code="a">&#x938;&#x940;/11,&#x924;&#x932;&#x92E;&#x91C;&#x932;&#x93E;,&#x928;&#x94D;&#x92F;&#x942; &#x917;&#x91C;&#x93E;&#x902;&#x924; &#x938;&#x94B;&#x938;&#x93E;&#x92F;&#x91F;&#x940;,&#x92B;&#x94D;&#x932;&#x93E;&#x92F;&#x913;&#x935;&#x94D;&#x939;&#x930;&#x91C;&#x935;&#x933;,&#x915;&#x94B;&#x938;&#x93E;&#x902;&#x92E;&#x94D;&#x917;&#x94B; &#x928;&#x917;&#x930;,&#x90F;&#x938;.&#x935;&#x94D;&#x939;&#x940;.&#x930;&#x94B;&#x921;,&#x92C;&#x94B;&#x930;&#x93F;&#x935;&#x932;&#x940;(&#x92A;.)</subfield>
    <subfield code="b">&#x92E;&#x941;&#x902;&#x92C;&#x908;</subfield>
    <subfield code="e">400092</subfield>
    <subfield code="k">020-25464756</subfield>
  </datafield>
  <datafield tag="300" ind1=" " ind2=" ">
    <subfield code="a">96&#x92A;&#x943;.</subfield>
    <subfield code="c">21&#x938;&#x947;&#x92E;&#x940;(&#x905;&#x91C;&#x93F;&#x932;&#x94D;&#x926;)</subfield>
  </datafield>
  <datafield tag="700" ind1=" " ind2=" ">
    <subfield code="a">&#x92A;&#x94D;&#x930;&#x927;&#x93E;&#x928;,&#x92A;&#x94D;&#x930;&#x915;&#x93E;&#x936;</subfield>
    <subfield code="9">40012</subfield>
  </datafield>
  <datafield tag="942" ind1=" " ind2=" ">
    <subfield code="2">ddc</subfield>
    <subfield code="c">MR</subfield>
    <subfield code="m">&#x92A;&#x94D;&#x930;&#x927;&#x93E;&#x928;</subfield>
    <subfield code="h">133.5869</subfield>
  </datafield>
  <datafield tag="999" ind1=" " ind2=" ">
    <subfield code="c">61378</subfield>
    <subfield code="d">61378</subfield>
  </datafield>
  <datafield tag="952" ind1=" " ind2=" ">
    <subfield code="0">0</subfield>
    <subfield code="1">0</subfield>
    <subfield code="2">ddc</subfield>
    <subfield code="4">0</subfield>
    <subfield code="7">1</subfield>
    <subfield code="8">NFIC</subfield>
    <subfield code="a">DBAD</subfield>
    <subfield code="b">DBAD</subfield>
    <subfield code="d">2012-01-23</subfield>
    <subfield code="e">DBAD/PUB</subfield>
    <subfield code="g">90.00</subfield>
    <subfield code="l">0</subfield>
    <subfield code="o">133.5869 &#x92A;&#x94D;&#x930;&#x927;&#x93E;&#x928;</subfield>
    <subfield code="p">MR-14573</subfield>
    <subfield code="r">2012-01-23 00:00:00</subfield>
    <subfield code="t">1</subfield>
    <subfield code="v">90.00</subfield>
    <subfield code="w">2012-01-23</subfield>
    <subfield code="y">MR</subfield>
  </datafield>
</record>
